| 000 | 01267nam0a22002891 4500 | ||
|---|---|---|---|
| 001 | rc\2303476 | ||
| 005 | 20110829141109.6 | ||
| 035 | _a(NLR Aleph) 006504147 | ||
| 090 |
_a6262311 _c6262311 |
||
| 100 | _a20110829d1977 |||y0rusy50 ca | ||
| 101 | 0 | _arus | |
| 102 | _aRU | ||
| 105 | _aa j ||||| | ||
| 200 | 1 |
_aЛитература Востока в новейшее время (1917-1945) _e[Учебник для филол. спец. ун-тов _fУсманов Н.К., Чуков Б.В., Киктев М.С. и др. _gПод ред. Брагинского И.С. и др. _gПредисл. Боролиной И.В. и др.] |
|
| 210 |
_aМосква _cИзд-во МГУ _d1977 |
||
| 215 |
_a560 с. _cил. _d22 |
||
| 320 | _aСписок лит.: с. 527-534 | ||
| 320 | _aУказ. имен, произведений и период. изд.: с. 535-558 | ||
| 606 |
_aЛитература народов Востока _jУчебники и пособия _z20 в. _2rkp |
||
| 701 | 1 |
_aУсманов _bН. К. |
|
| 702 | 1 |
_aБрагинский _bИ. С. _gИосиф Самуилович _4340 |
|
| 702 | 1 |
_aБоролина _bИ. В. _4570 |
|
| 801 | 0 |
_aRU _bNLR _gpsbo |
|
| 801 | 1 |
_aRU _bELAR _2rusmarc |
|
| 852 |
_aNLR _j78-5/878 |
||
| 942 | _cBOOK | ||
| 980 | _aNB | ||